Fifa Baloon D'or winers - Statistics

General Stats
  • This quiz has been taken 214 times
  • The average score is 14 of 56
Answer Stats
Year Player % Correct
2002 Ronaldo
94%
1997 Ronaldo
94%
2015 Lionel Messi
79%
2012 Lionel Messi
79%
2011 Lionel Messi
79%
2010 Lionel Messi
79%
2009 Lionel Messi
79%
2016 Cristiano Ronaldo
75%
2014 Cristiano Ronaldo
75%
2013 Cristiano Ronaldo
75%
2008 Cristiano Ronaldo
75%
2007 Kaka
56%
2005 Ronaldinho
54%
1998 Zinedine Zidane
35%
2006 Fabio Cannavaro
28%
1999 Rivaldo
25%
2001 Michael Owen
23%
2000 Luis Figo
20%
2003 Pavel Nedved
19%
1992 Marco Van Basten
17%
1989 Marco Van Basten
17%
1988 Marco Van Basten
17%
1995 George weah
14%
1985 Michel Platini
14%
1984 Michel Platini
14%
1983 Michel Platini
14%
1976 Franz Beckenbauer
13%
1972 Franz Beckenbauer
13%
1993 Roberto Baggio
13%
1987 Ruud Gullit
13%
2004 Andriy Shevchenko
12%
1965 Eusebio
10%
1968 George Best
10%
1970 Gerd Muller
8%
1990 Lothar Matthaus
8%
1966 Bobby Charlton
7%
1969 Gianni Rivera
6%
1974 Johan Cruijff
6%
1973 Johan Cruijff
6%
1971 Johan Cruijff
6%
1979 Kevin Keegan
6%
1978 Kevin Keegan
6%
1996 Matthias Sammer
6%
1982 Paolo Rossi
6%
1991 Jean Pierre Papin
5%
1986 Igor Belanov
3%
1981 Karl Heinz Rummenigge
3%
1980 Karl Heinz Rummenigge
3%
1977 Allan Simonsen
2%
1964 Dennis Law
2%
1967 Florian Albert
2%
1994 Hristo Stoickov
2%
1962 Josef Masopust
2%
1963 Lav Yashin
2%
1961 Omar Sivori
2%
1975 Oleg Blohin
1%
No matching quizzes found
Score Distribution
Percent of People with Each Score
Percentile by Number Answered
Your Score History
You have not taken this quiz